000 00680nam a2200205Ia 4500
005 20220302105127.0
008 210716s2013 xx 000 0 und d
020 _a9780070142978
040 _cAIMIT LIBRARY
041 _aeng
082 _a658.8102
_21
_bNARV
100 _aNarayanan, V.
_922252
245 _aImplementing sap erp financials :
_ba configuration guide /
_cBy V. Narayanan.
250 _a1st ed.
260 _aNew Delhi :
_bTata McGraw Hill Publishing Company Ltd ,
_c2013.
300 _aXviii, 965p. ;
_c24 cm.
650 _aActivate new general ledger accounting
_922253
650 _aElectronic bank statement
_922254
942 _2ddc
_cBK
_e1st
_k658.8102 NARV
999 _c209275
_d209275